1653 1821 1814 1612 1890 1787 1667 1356 1829 1461 1808 1827 1556 1784 1986 1580 1723 1062 1261 1277 1105 1770 1860 1179 1234 1645 1922 1256 1051 1824 1759 1675 1805 1017 1412 1216 1359 1289 1111 1908 1108 1387 1024 1506 1683 1113 1734 1924 1526 1604 1236 1454 1806 1815 1211 1262 1274 1348 1292 1375 1184 1417 1276 1456 1281 1740 1881 1114 1937 1604 1651 1467 1515 1224 1670 1782 1087 1773 1538 1165 1290 1338 1098 1858 1381 1182 1326 1957 1464 1648 1780 1990 1628 1230 1992 1987 1300 1453 1777 BCNSPRNW ULIB Ver.6.0+V

เปลี่ยนเป็นภาษาไทย

Change to English
 แสดงรายละเอียดบรรณานุกรม
  กลับหน้าหลัก

Brief Record : Get Marc (ISO 2709) : E-mail record : QR code < ปิดหน้าต่าง
LEADER : 00000nam 2200000uu 4500
001    13399108457
003     ULIB
008    110201s2552||||th 000 0 tha d
020    9749245407
060 04 WY150^bร765ค 2552
099    เรณู อาจสาลี
245 10 คำศัพท์การพยาบาลผู้ใหญ่ /^cเรณู อาจสาลี
250    พิมพ์ครั้งที่ 4
260    กรุงเทพฯ :^bคณะพยาบาลศาสตร์ มหาวิทยาลัยมหิดล,^c2552
300    187 หน้า
650  7 การพยาบาลผู้ใหญ่^xคำศัพท์
710 2  มหาวิทยาลัยมหิดล^bคณะพยาบาลศาสตร์
945    ^p55^l0^i025195
945    ^p55^l0^i025193
945    ^p55^l0^i025194
995  เ ทศพร
999 ^a ใช้งานได้ทุกระบบ
รายการนี้ยังไม่มีแท็ก
คุณยังไม่ได้ล็อกอิน คุณสามารถมีกิจกรรมร่วมกับเว็บไซต์ได้ แต่ต้องล็อกอินก่อน ::
  ล็อกอิน

รายการสื่อสารสนเทศ

ลำดับที่ ประเภท เลขเรียก/บาร์โค้ด สถานที่ สถานะ
- ไม่พบข้อมูล -

BibComment


ยังไม่เคยถูกคอมเมนท์

คอมเมนท์ทรัพยากรรายการนี้
  คอมเมนท์: คำศัพท์การพยาบาลผ..


 Copyright 2026. Bcnsprnw @Library